Normal view MARC view
  • Bilal, Arsal

Entry Personal Name

Number of records used in: 1

001 - CONTROL NUMBER

  • control field: 132835

003 - CONTROL NUMBER IDENTIFIER

  • control field: NUST

005 - DATE AND TIME OF LATEST TRANSACTION

  • control field: 20260119164256.0

008 - FIXED-LENGTH DATA ELEMENTS

  • fixed length control field: 260119|| aca||aabn | a|a d

040 ## - CATALOGING SOURCE

  • Original cataloging agency: NUST
  • Transcribing agency: NUST

100 ## - HEADING--PERSONAL NAME

  • Personal name: Bilal, Arsal

670 ## - SOURCE DATA FOUND

  • Source citation: Work cat.: (NUST): Bilal, Arsal, Design fabrication and characterization of front-end receiver for 5 GHZ WLAN applications /, July, 2018
© 2023 Central Library, National University of Sciences and Technology. All Rights Reserved.